000 03143nam a2200529Ia 4500
001 3579
008 241029s9999 xx 000 0 und d
010 _a3356
041 _aEspañol
082 _aMA-OEIP 001 FH 2010
245 0 _aOrientación Vocacional en Alumnos del 8vo.Grado del Centro Educativo María Teresa Quidiello, un estudio descriptivo,Año Escolar 2005-2006
260 _aSanto Domingo
300 _a110
520 _a19
630 _aAlumnado
630 _aOrientación Vocacional
650 _aOrientación
690 _aElaborado
700 _easesor
_aPouriet, Vicenta
700 _eautor
_aDe la Rosa Martínez, Miguelina
901 _a{"1":"De la Rosa Martínez"}
_b{"1":"Miguelina"}
902 _a1
903 _a{"1":"Pouriet"}
_b{"1":"Vicenta"}
904 _aMagíster en
905 _aOrientación Educativa e Intervención Psicopedagógica
906 _a2
907 _aNO APLICA
908 _aNO APLICA
909 _aUniversidad Autónoma de Santo Domingo (UASD)
910 _aNULL
_bNULL
911 _a["1"]
912 _aNO APLICA
913 _aNULL
914 _a05 de Octubre de 2010
915 _aNULL
916 _aNULL
917 _aNULL
918 _aNO APLICA
919 _a["244","150"]
520 _aAl terminar el octavo curso los alumnos también finalizan el ciclo de Básica, pero en este momento, todavía no tienen articulado un proyecto de vida que pueda incluir una opción técnica o una salida profesional. La orientación vocacional debe iniciarse lo más temprano en la vida, de manera que los estudiantes puedan discernir acerca de sus aptitudes y sus intereses vocacionales, los cuales puedan inclinarlos adecuadamente en la selección de una ocupación o una profesión.El objetivo principal de esta investigación es disponer de la información de base acerca de indicadores que pudieran servir para el diseño de un programa de intervención en orientación vocacional para los alumnos de 8vo. del Centro Educativo María Teresa Quidiello.Se trató de una investigación descriptiva, se utilizaron técnicas tanto cualitativas como discusión en grupos focales y entrevistas; como una técnica cuantitativa: el cuestionario a alumnos. Se trabajó con una muestra de 38 estudiantes del 8vo. grado y 7 profesores.Entre las principales conclusiones estuvieron, que la asignatura que más les gusta es la Lengua Materna y, la que menos les gusta es la Matemática. Tienen por lo menos una posibilidad de elección vocacional, la cual realizarían aunque su condición económica no se lo permitiese; ven el profesorado como posible elección vocacional y muestran la madurez que corresponde al nivel y al grado.El estudio recomienda que la Educación Básica requiera de mejoría. Las escuelas de Educación Básica deben llegar a convertirse en técnicos laborales con mayor número de horas en teoría y prácticas e incluir almuerzo y capacitar al maestro para que sea un facilitador de la orientación vocacional del joven.
921 _a16
922 _a16
923 _a0
924 _aNO APLICA
942 _cTesis
999 _c3356
_d3356